| 000 | 00605nam a22002177a 4500 | ||
|---|---|---|---|
| 003 | OSt | ||
| 005 | 20210423060056.0 | ||
| 008 | 210222s2005 ||||| |||| 00| 0 eng d | ||
| 020 | _a9780681280137 | ||
| 020 | _a0681280131 | ||
| 040 |
_aeng _beng _cDLC |
||
| 041 | _aeng | ||
| 080 |
_a008 _bR-69 |
||
| 100 |
_91065 _aRodgers, Nigel |
||
| 245 |
_aAncient Rome _c/ by: Anness Publishing Ltd |
||
| 260 |
_aLondon _bAnness Publishing Ltd _c2005 |
||
| 300 |
_a512 p. _bill. |
||
| 650 | 0 |
_9410 _aHistory of civilizations |
|
| 653 | _aცივილიზაციის ისტორია | ||
| 942 |
_2udc _cBK |
||
| 999 |
_c1650 _d1650 |
||